Clinical dietetics and nutrition / (Record no. 2660)

MARC details
000 -LEADER
fixed length control field 00745cam a2200265 a 4500
001 - CONTROL NUMBER
control field BD-DhSAU 2660
003 - CONTROL NUMBER IDENTIFIER
control field BD-DhSAU
005 - DATE AND TIME OF LATEST TRANSACTION
control field 20150129160324.0
008 - FIXED-LENGTH DATA ELEMENTS--GENERAL INFORMATION
fixed length control field 980226s1997 ii b 001 0 eng
020 ## - INTERNATIONAL STANDARD BOOK NUMBER
International Standard Book Number 0195641655
040 ## - CATALOGING SOURCE
Original cataloging agency BD-DhSAU
082 00 - DEWEY DECIMAL CLASSIFICATION NUMBER
Classification number 641.1
Edition number 22
Item number ANC
100 1# - MAIN ENTRY--PERSONAL NAME
Personal name Antia, F. P.
245 10 - TITLE STATEMENT
Title Clinical dietetics and nutrition /
Statement of responsibility, etc. F.P. Antia and Philip Abraham.
250 ## - EDITION STATEMENT
Edition statement 4th ed.
260 ## - PUBLICATION, DISTRIBUTION, ETC. (IMPRINT)
Place of publication, distribution, etc. New York :
Name of publisher, distributor, etc. Oxford University Press ,
Date of publication, distribution, etc. 1997.
300 ## - PHYSICAL DESCRIPTION
Extent xix, 524 p. :
Dimensions 25 cm.
504 ## - BIBLIOGRAPHY, ETC. NOTE
Bibliography, etc Includes bibliographical references and index.
590 ## - Name of Cataloguer
Name of Cataloger tamanna
650 #0 - SUBJECT ADDED ENTRY--TOPICAL TERM
Topical term or geographic name as entry element Dietetics.
650 #0 - SUBJECT ADDED ENTRY--TOPICAL TERM
Topical term or geographic name as entry element nutrition
650 #0 - SUBJECT ADDED ENTRY--TOPICAL TERM
Topical term or geographic name as entry element chemistry
700 1# - ADDED ENTRY--PERSONAL NAME
Personal name Abraham, Philip
942 ## - ADDED ENTRY ELEMENTS (KOHA)
Source of classification or shelving scheme Dewey Decimal Classification
Koha item type Book
Holdings
Withdrawn status Lost status Source of classification or shelving scheme Damaged status Not for loan Home library Branch Name Shelving location Date acquired Total Checkouts Full call number Barcode Date last seen Price effective from Koha item type Date checked out
    Dewey Decimal Classification     SAU Library SAU Library General Stacks 29/06/2000   641.1 ANC 28841 29/01/2015 29/01/2015 Book  
    Dewey Decimal Classification     SAU Library SAU Library General Stacks 29/06/2000   641.1 ANC 28843 29/01/2015 29/01/2015 Book  
    Dewey Decimal Classification     SAU Library SAU Library General Stacks 29/06/2000   641.1 ANC 28846 29/01/2015 29/01/2015 Book  
    Dewey Decimal Classification     SAU Library SAU Library General Stacks 29/06/2000   641.1 ANC 28845 29/01/2015 29/01/2015 Book  
    Dewey Decimal Classification     SAU Library SAU Library General Stacks 29/06/2000   641.1 ANC 28839 29/01/2015 29/01/2015 Book  
    Dewey Decimal Classification     SAU Library SAU Library General Stacks 29/06/2000   641.1 ANC 28844 29/01/2015 29/01/2015 Book  
    Dewey Decimal Classification     SAU Library SAU Library General Stacks 29/06/2000 3 641.1 ANC 28840 18/11/2024 29/01/2015 Book 01/01/2010
    Dewey Decimal Classification     SAU Library SAU Library General Stacks 29/06/2000   641.1 ANC 28842 29/01/2015 29/01/2015 Book  
    Dewey Decimal Classification     SAU Library SAU Library General Stacks 29/06/2000   641.1 ANC 28838 29/01/2015 29/01/2015 Book